000 00899nam a2200289 i 4500
001 6310
003 ES-MaACL
005 20240823133038.0
007 t|
008 890921s1974 fr ||||0| fre d
080 _a161.17
080 _a1 Russell
100 1 _aLinsky, Leonard.
_972461
245 1 3 _aLe Probleme de la reference /
_cLeonard Linsky ; traduit de l'anglais par Suzanne Stern-Gillet, Philippe Devaux, Paul Gochet.
260 _aParis :
_bSeuil,
_cD.L. 1974.
300 _a185 p. ;
_c21 cm.
490 1 _aL'ordre philosophique
500 _aIndice.
600 1 4 _aRussell, Bertrand,
_d1872-1970
_9101033
700 1 _aStern-Gillet, Suzanne.
_9108131
700 1 _aDevaux, Philippe.
_943993
700 1 _aGochet, Paul.
_957497
830 0 _aL'ordre philosophique
_9177512
852 _aES-MaACL
_jL-13433
_bR.113559
942 _2udc
999 _c6310
_d6310